| 000 | 00475nam a2200145Ia 4500 | ||
|---|---|---|---|
| 008 | 230907s9999||||xx |||||||||||||| ||und|| | ||
| 082 |
_a620 _bABD |
||
| 100 |
_aAbdullah (NUST201463524MCES64114F) _9116388 |
||
| 245 | 0 | _aStudy of Thermal Stratification for Pressurizer Surge Line of Pressurizer Water Reactor / | |
| 260 |
_aUSPCAS-E, NUST, _bIslamabad : _c2018 |
||
| 520 | _aTH-104 | ||
| 650 | _aMS-ESE Thesis MS Thesis | ||
| 700 |
_aDr Majid Ali _929033 |
||
| 942 |
_cTHE _2ddc |
||
| 999 |
_c601783 _d601783 |
||